Test de rapidité : 111, 222, 333, 000 - Statistiques

Statistiques générales
  • Ce quiz a été pris 1 499 fois
  • Le résultat moyen est 9 sur 10
Statistiques - réponses
Hint Réponse % Correct
1 111
100%
2 222
97%
3 333
96%
4 444
94%
5 555
93%
6 666
93%
7 777
91%
8 888
91%
9 999
90%
0 000
88%
Aucun quiz correspondant
Distribution des résultats
% des personnes avec chaque résultat
Percentile par nombre de réponses
Votre historique - résultats
Vous n’avez pas pris ce quiz